000 01239cam a22003497a 4500
003 CHAP
005 20220329141836.0
008 971202d1997 mx a r 00110 spa d
010 _a74658
011 _a75630
035 _a85196
040 _cCHAP
090 _aTesis
100 0 0 _aCortés Rodríguez, Zeferino.
_928391
245 1 0 _aMicrosporogénesis y morfología en maíz (Zea mays L.) para la producción de haploides in vitro
_c/por Zeferino Cortés Rodríguez
260 _aChapingo, Méx. :
_bEl autor,
_c1997.
300 _a77 h. :
_bilus. ; gráfs.
502 _aTesis (Ing. Agr. Esp. en Fitotecnia) -- UACH. Departamento de Fitotecnia
590 _aALEPH
_b10
_c20130110
_lUCH01
_h1420
590 _aBATCH-UPD
_b10
_c20130110
_lUCH01
_h0741
590 _aBATCH-UPD
_b10
_c20130410
_lUCH01
_h0422
590 _aBATCH-UPD
_b10
_c20130914
_lUCH01
_h1052
590 _aCONVERSION
_b10
_c20130109
_lUCH01
_h1341
650 1 4 _aHaploidia.
_952610
650 1 4 _aMaíz
_xFisiología y morfología.
_970958
650 1 4 _aMaíz
_xGenética.
_970963
901 _aBK
905 _aAlejandra Carrasco M.
942 _cFOLL
949 _bBC
_cTES
_d33724000636163
_eTS2
_fc.2
_h31317
_i85196
_sb
949 _bBC
_cTES
_d851961
_eTS1
_h31316
_i85196
_sb
999 _c74658
_d74658